Nuevos estudios sobre el Inca Garcilazo de la Vega: (Registro nro. 10323)
[ vista simple ]
| 000 -Cabecera | |
|---|---|
| Campo de control interno | 00530nam a2200181Ia 4500 |
| 005 - Fecha y hora del registro | |
| control field | 20260306161824.0 |
| 008 - Elementos de Longitud Fija | |
| fixed length control field | 260306t1955||||xx |||||||||||||| ||spa|| |
| 041 ## - Idioma | |
| Codigo Idioma | ESP |
| 082 ## - DEWEY y NOTACIÓN INTERNA | |
| Dewey | 920.008 |
| Notación Interna | C46 |
| 100 ## - AUTOR | |
| Autor denominación | Centro de estudios históricos militares del Perú |
| Término de relación | autor |
| 245 #0 - TÍTULO DE MATERIAL BIBLIOGRÁFICO | |
| Título | Nuevos estudios sobre el Inca Garcilazo de la Vega: |
| Título paralelo | actas del symposium realizado en Lima del 17 al 28 de junio de 1955 |
| 260 ## - CIUDAD, EDITORIAL, AÑO | |
| Año | 1955 |
| 300 ## - DESCRIPCIÓN | |
| N° Páginas | |
| Dimensiones | |
| 650 ## - TEMAS | |
| Temas | Generalidades |
| 654 ## - PROGRAMAS | |
| Programa | Dpto. de Humanidades |
| 942 ## - ELEMENTOS DE KOHA | |
| Tipo de documento | Libro |
| Nombre del creador | Justo Noguera |
| Código de catalogador | Justo Noguera |
| Esquema de clasificación | Dewey Decimal Classification |
| Suppress in OPAC | |
| Codigo completo | Registro | Colección | Copia número | Disponibilidad | Tipo de préstamo | Biblioteca Actual | Procedencia (Biblioteca) | Ubicacón | Fecha Ingreso | Tipo de Adquisición | Date last seen | Total checkouts | Price effective from | Tipo de Item | Estado del Material | Fuente de Clasificación | Damaged status | Withdrawn status |
|---|---|---|---|---|---|---|---|---|---|---|---|---|---|---|---|---|---|---|
| 920.008 C46 | U0002608 | Universidad Católica San Pablo | 1 | Disponible | Disponible | Víctor Andrés Belaunde | Víctor Andrés Belaunde | Planta baja abierta | 03/06/2026 | Compra | 06/03/2026 | 06/03/2026 | Libro | Bueno | Dewey Decimal Classification |




